Logo BPK

Biblioteka

Politechniki Koszalińskiej

Ja, Wiktoria / (Rekord nr 48277)

Szczegóły MARC
000 -ETYKIETA REKORDU
podpole kontrolne o stałej długości 00609nam a2200181 i 4500
001 - NUMER KONTROLNY REKORDU
pole kontrolne bgj
020 ## - MIĘDZYNARODOWY ZNORMALIZOWANY NUMER KSIĄŻKI - ISBN
ISBN 8372274711 (hbk)
040 ## - ŹRÓDŁO KATALOGOWANIA
Instytucja, która utworzyła rekord BPK
041 0# - KOD JĘZYKA
Kod języka tekstu pol
920 ## - Międzynarodowy znormalizowany numer książki – ISBN
ISBN 83-7227-471-1 (hbk)
008 - POLE O STAŁEJ DŁUGOŚCI - DANE KONTROLNE
podpole kontrolne o stałej długości s pl f |000 0 pol
100 1# - NAZWA OSOBOWA
Nazwa osobowa HARROD-EAGLES, Cynthia
245 10 - TYTUŁ/ODPOWIEDZIALNOŚĆ
Tytuł Ja, Wiktoria /
Pozostałe elementy strefy tytułu i oznaczenia odpowiedzialności Cynthia Harrod-Eagles ; z angielskiego przełożyła Ewa Ciszkowska.
260 ## - STREFA ADRESU WYDAWNICZEGO
Miejsce wydania Warszawa :
Nazwa wydawcy/dystrybutora Libros Grupa Wydawnicza Bertelsmann Media,
Data publikacji, dystrybucji/powstania dokumentu 2001.
300 ## - STREFA OPISU FIZYCZNEGO
Objętość 543, [1] pp ;
Rozmiary 21 cm.
650 #9 - HASŁO PRZEDMIOTOWE W FORMIE NAZWY OGÓLNEJ LUB JEDNOSTKOWEJ
Nazwa ogólna lub geograficzna General history of British Isles
-- Victoria, 1837-1901
Określnik ogólny Victoria and House of Windsor
856 ## - LOKALIZACJA I DOSTĘP DO ELEKTRONICZNYCH DOKUMENTÓW ZDALNYCH
Link (URL) http://koha.tu.koszalin.pl/cgi-bin/koha/opac-detail.pl?biblionumber=48277
Tekst linku Katalog online BPK
942 ## - DODATKOWE ELEMENTY (KOHA)
Typ dokumentu Książka
Egzemplarze
Wycofany Status egzemplarza Uszkodzony Dostępność Lokalizacja stała Lokalizacja bieżąca Miejsce przechowywania Sygnatura Kod kreskowy Typ dokumentu
      Tylko na miejscu Biblioteka Politechniki Koszalińskiej Biblioteka Politechniki Koszalińskiej Czytelnia Wydziałowa ul. Kwiatkowskiego 6e KA 5514 09087040 Książka
© 2023 Biblioteka Politechniki Koszalińskiej :: KOHA